| 000 | 00880nas a2200265 4500 | ||
|---|---|---|---|
| 001 | BR9201704 | ||
| 003 | BR-BrBNA | ||
| 005 | 20231205092434.0 | ||
| 007 | ta | ||
| 008 | 230509b bl.|||p| |||| 00| 00por d | ||
| 040 |
_aBR-BrBNA _bpor _cBiblioteca Nacional de Agricultura |
||
| 041 | _a(Pt) | ||
| 072 | _aL70 | ||
| 100 | 1 | _aSilva Filho, A. de P.F. da | |
| 100 | 1 | _aLeao, M.I. | |
| 100 | 1 | _aBeck, C.A. de C. | |
| 245 | 1 | _aAbomasostomia com colocacao de canula de PVC em ovinos (descricao de tecnica) | |
| 246 | 1 | _a[Abomasostomy in the ovine species. Technical description! | |
| 650 | _aOVINO | ||
| 650 | _aCIRURGIA | ||
| 650 | _aABOMASO | ||
| 773 | 0 |
_tArquivos da Faculdade de Veterinaria da Universidade Federal do Rio Grande do Sul (Brazil) _xISSN 0101-5230 _g(1990), v. 18 p. 107-109 _wBR9201704 |
|
| 909 |
_a202311 _bLúcia _c55 _dLúcia Elande |
||
| 942 |
_2AGRIS _n0 _cANA |
||
| 999 |
_c131715 _d131715 |
||